[Event "USA-chT Amateur East"]
[Site "Parsippany"]
[Date "2001.02.19"]
[Round "5"]
[White "North, John B"]
[Black "McCaffery, Michael"]
[Result "1/2-1/2"]
[WhiteElo "1489"]
[BlackElo "1168"]
[PlyCount "88"]
[EventDate "2001.02.17"]
[EventType "team"]
[EventRounds "6"]
[EventCountry "USA"]
[SourceTitle "EXT 2002"]
[Source "ChessBase"]
[SourceDate "2001.11.25"]
[SourceVersion "1"]
[SourceVersionDate "2001.11.25"]
[SourceQuality "1"]

1. c4 Nf6 2. g3 e5 3. Bg2 g6 4. b3 Bg7 5. Bb2 d6 6. Nc3 c6 7. e4 0-0 8. Nge2 Nh5 9. d4 Nd7 10. dxe5 dxe5 11. Qd2 Nc5 12. Rd1 Qxd2+ 13. Rxd2 Bg4 14. f3 Be6 15. 0-0 Rfd8 16. Rfd1 Rxd2 17. Rxd2 Kf8 18. Rd1 Ke7 19. Ba3 b6 20. Nc1 Ke8 21. Nd3 Nxd3 22. Rxd3 Rd8 23. Rxd8+ Kxd8 24. Kf2 Bf6 25. Ke2 Be7 26. Bxe7+ Kxe7 27. Kd3 Kd7 28. Nd1 f6 29. Ne3 Ng7 30. g4 Kd6 31. b4 g5 32. a4 a6 33. Kc3 Bf7 34. Bf1 a5 35. c5+ Kc7 36. bxa5 bxa5 37. Bc4 Ne6 38. Bxe6 Bxe6 39. h3 h6 40. Ng2 Bf7 41. h4 Be6 42. hxg5 hxg5 43. Ne3 Kb7 44. Kb2 Kc7 1/2-1/2

[Event "USA-chT Amateur East"]
[Site "Parsippany"]
[Date "2001.02.17"]
[Round "2"]
[White "North, John B"]
[Black "Tokar, Zachary"]
[Result "0-1"]
[WhiteElo "1489"]
[BlackElo "1541"]
[PlyCount "112"]
[EventDate "2001.02.17"]
[EventType "team"]
[EventRounds "6"]
[EventCountry "USA"]
[SourceTitle "EXT 2002"]
[Source "ChessBase"]
[SourceDate "2001.11.25"]
[SourceVersion "1"]
[SourceVersionDate "2001.11.25"]
[SourceQuality "1"]

1. c4 e5 2. g3 Nf6 3. Bg2 Nc6 4. Nc3 Bc5 5. e3 d6 6. a3 Be6 7. d3 Qd7 8. Rb1 a5 9. Nge2 d5 10. cxd5 Nxd5 11. 0-0 0-0 12. Qc2 Rad8 13. Nxd5 Bxd5 14. Rd1 Bxg2 15. Kxg2 Qd5+ 16. f3 f5 17. Nc3 Qd6 18. Na4 Ba7 19. Qc4+ Kh8 20. Nc3 Qg6 21. Nd5 Rd7 22. Qb5 e4 23. Nf4 exf3+ 24. Kh1 Qg4 25. d4 f2 26. Qf1 Qf3+ 27. Ng2 f4 28. gxf4 Rf6 29. Rd2 Rh6 30. Rxf2 Qg3 31. Ne1 Rd5 32. Qg2 Qh4 33. Nf3 Qh5 34. Ng5 Rd7 35. Bd2 Rg6 36. Rg1 Nxd4 37. Qe4 Ne6 38. Rfg2 Nf8 39. f5 Rgd6 40. Nf3 Bc5 41. Bc3 Qh6 42. Qe5 Qxe3 43. Qxe3 Bxe3 44. Rxg7 Rxg7 45. Rxg7 Bd4 46. Bxd4 Rxd4 47. Nxd4 Kxg7 48. Kg2 Kf6 49. Kf3 Ke5 50. Nb5 c6 51. Nc3 Kxf5 52. Ne4 Ke5 53. Ke3 Ne6 54. Nc3 b5 55. Ne4 h6 56. b3 Nd4 0-1

[Event "USA-chT Amateur East"]
[Site "Parsippany"]
[Date "2001.02.17"]
[Round "1"]
[White "Walton, Branden"]
[Black "North, John B"]
[Result "0-1"]
[WhiteElo "631"]
[BlackElo "1489"]
[PlyCount "64"]
[EventDate "2001.02.17"]
[EventType "team"]
[EventRounds "6"]
[EventCountry "USA"]
[SourceTitle "EXT 2002"]
[Source "ChessBase"]
[SourceDate "2001.11.25"]
[SourceVersion "1"]
[SourceVersionDate "2001.11.25"]
[SourceQuality "1"]

1. e4 g6 2. Nc3 Bg7 3. Nf3 d6 4. Bc4 Nf6 5. e5 dxe5 6. Nxe5 e6 7. 0-0 0-0 8. d3 Nbd7 9. Nxd7 Nxd7 10. Re1 Ne5 11. Bb3 b6 12. d4 Nc6 13. d5 exd5 14. Bxd5 Bb7 15. Ne4 Na5 16. Bg5 Qxd5 17. Qxd5 Bxd5 18. Nc3 Bb7 19. h3 Rfe8 20. Red1 Bc6 21. b4 Bxc3 22. Rab1 Nc4 23. Rd3 Bg7 24. b5 Bb7 25. Rd7 Rac8 26. Rd3 h6 27. Bf4 Re4 28. g3 Rce8 29. Kh2 R8e7 30. Kg1 Re1+ 31. Rxe1 Rxe1+ 32. Kh2 Rh1# 0-1